| 000 | 00898nam a2200217 a 4500 | ||
|---|---|---|---|
| 001 | BRCA_1371 | ||
| 005 | 20190320203410.0 | ||
| 008 | 981215s1994 mx-a---##b---s000-0#spa-# | ||
| 040 |
_aDLC _cDLC |
||
| 050 | 4 |
_aN7914 _b.T46 1994 |
|
| 245 | 1 | 0 |
_aTemplo de Santa Rosa de Viterbo _bsu órgano barroco, coro bajo y retablo de la Virgen de Guadalupe _ctexto, Ana Cristina Díaz Miramontes. |
| 260 |
_aQuerétaro, Qro., México _bGobierno del Estado _c1994. |
||
| 300 |
_a169 p. _bil. (algunas a color) _c27 cm. |
||
| 500 | _aIncluye glosario | ||
| 504 | _aBibliografía: p. 166-167 | ||
| 610 | 2 | 4 |
_aSanta Rosa (Iglesia) _zQueretaro (México) _94485 |
| 650 | 1 | 4 |
_aArte y simbolismo cristiano _xConservación y restauración _yPeriodo moderno, 1500- _zMéxico _94486 |
| 650 | 1 | 4 |
_aArte colonial _xConservación y restauración _zMéxico _94487 |
| 700 | 1 |
_aDíaz Miramontes, Ana Cristina _94488 |
|
| 942 |
_2lcc _cB |
||
| 999 |
_c1233 _d1233 |
||